Descobreix Collserola amb els voluntaris : 35 propostes per gaudir de la serra 35 propostes per gaudir de la serra
Publicado:
Barcelona :
Diputació de Barcelona, Àrea Metropolitana de Barcelona. Mancomunitat de Municipis ,
2002
Descripción Física:
36 p. : fot., map. ; 20 cm
MARC
| LEADER | 00000nam a2200000Ia 4500 | ||
|---|---|---|---|
| 001 | 22260 | ||
| 008 | 160829s2002 xx 000 0 cat d | ||
| 080 | |a FU-54-9 | ||
| 245 | |a Descobreix Collserola amb els voluntaris : |b 35 propostes per gaudir de la serra | ||
| 260 | |a Barcelona : |b Diputació de Barcelona, Àrea Metropolitana de Barcelona. Mancomunitat de Municipis, |c 2002 | ||
| 300 | |a 36 p. : |b fot., map. ; |c 20 cm | ||
| 610 | 0 | |a Parc de Collserola |v Guies |9 9951 | |
| 650 | |a Excursionisme |x Parc de Collserola |x Guies |9 38235 | ||
| 651 | 0 | |a Parc Natural de Collserola (Catalunya) |9 54680 | |
| 710 | 2 | |a Mancomunitat de Municipis de l'Àrea Metropolitana de Barcelona |9 6256 | |
| 710 | 1 | |a Barcelona (Catalunya : Província). |b Diputació |9 52408 | |
| 901 | |a Arxiu | ||
| 942 | |n 1 | ||
| 952 | |0 0 |1 0 |4 0 |6 FU549 |7 1 |9 48334 |a Arxiu |b Arxiu |d 2016-12-01 |l 0 |o FU-54-9 |p 22260 |r 2016-12-01 00:00:00 |w 2016-12-01 |y ARXIU | ||
| 999 | |c 52140 |d 52140 | ||